Statistics for Artists That Have Worked with Pharrell Williams

Click here to take the quiz!

General Stats

  • This quiz has been taken 7 times
  • The average score is 13 of 77

Answer Stats

Artist% Correct
Jay-Z
86%
Kanye West
86%
Snoop Dogg
71%
Daft Punk
57%
Tyler, The Creator
57%
Big Sean
43%
Busta Rhymes
43%
Gwen Stefani
43%
Katy Perry
43%
Kendrick Lamar
43%
Pusha T
43%
The Neptunes
43%
T.I.
43%
21 Savage
29%
2 Chainz
29%
50 Cent
29%
Ariana Grande
29%
Britney Spears
29%
Calvin Harris
29%
Camila Cabello
29%
Future
29%
Kid Cudi
29%
Nicki Minaj
29%
Robin Thicke
29%
Travis Scott
29%
Beyonce
14%
Bruno Mars
14%
Charlie Wilson
14%
Clipse
14%
Halsey
14%
Jadakiss
14%
J Balvin
14%
Lil Uzi Vert
14%
Ludacris
14%
Madonna
14%
Migos
14%
Missy Elliott
14%
Nelly
14%
Post Malone
14%
Tobe Nwigwe
14%
Twista
14%
Wiz Khalifa
14%
A$AP Ferg
0%
Alicia Keys
0%
BIA
0%
Cassius
0%
Cat Power
0%
Frank Ocean
0%
Gesaffelstein
0%
Hans Zimmer
0%
Jay Rock
0%
Lalah Hathaway
0%
Lupe Fiasco
0%
Major Lazer
0%
MIKA
0%
Mike Will Made-It
0%
Moneybag Yo
0%
Nile Rodgers
0%
N.O.R.E.
0%
Olu
0%
Pitbull
0%
Pop Smoke
0%
Quavo
0%
Run the Jewels
0%
Salatiel
0%
Schoolboy Q
0%
Shakira
0%
Sky
0%
Slim Thug
0%
Stevie Wonder
0%
Summer Walker
0%
Teriyaki Boyz
0%
Trey Parker
0%
Ty Dolla $ign
0%
Usher
0%
Young Thug
0%
Zack de la Rocha
0%

Score Distribution

Percentile by Number Answered

Percent of People with Each Score

Your Score History

You have not taken this quiz